<?xml version="1.0" encoding="UTF-8"?>
<record
    xmlns:xsi="http://www.w3.org/2001/XMLSchema-instance"
    xsi:schemaLocation="http://www.loc.gov/MARC21/slim http://www.loc.gov/standards/marcxml/schema/MARC21slim.xsd"
    xmlns="http://www.loc.gov/MARC21/slim">

  <leader>01014cam a22002654a 4500</leader>
  <controlfield tag="001">84764</controlfield>
  <controlfield tag="003">BD-RjUL</controlfield>
  <controlfield tag="005">20250310124503.0</controlfield>
  <controlfield tag="008">250310s1949    ii b     b    000 0 urdo </controlfield>
  <datafield tag="035" ind1=" " ind2=" ">
    <subfield code="a">(BD-RjUL)84764</subfield>
  </datafield>
  <datafield tag="040" ind1=" " ind2=" ">
    <subfield code="a">DLC</subfield>
    <subfield code="c">DLC</subfield>
    <subfield code="d">DLC</subfield>
    <subfield code="b">eng</subfield>
  </datafield>
  <datafield tag="041" ind1=" " ind2=" ">
    <subfield code="a">urd</subfield>
  </datafield>
  <datafield tag="082" ind1=" " ind2=" ">
    <subfield code="2">23</subfield>
    <subfield code="a">297.0902</subfield>
    <subfield code="b">NAT 1949</subfield>
  </datafield>
  <datafield tag="100" ind1="1" ind2=" ">
    <subfield code="a">&#x646;&#x62F;&#x648;&#x6CC;&#x60C; &#x634;&#x627;&#x6C1; &#x645;&#x639;&#x6CC;&#x646; &#x627;&#x644;&#x62F;&#x6CC;&#x646; &#x627;&#x62D;&#x645;&#x62F;  ;; Nadvi, Shah Moinuddin Ahmed</subfield>
    <subfield code="9">15164</subfield>
  </datafield>
  <datafield tag="245" ind1="1" ind2="0">
    <subfield code="a">&#x62A;&#x627;&#x631;&#x6CC;&#x62E; &#x627;&#x633;&#x644;&#x627;&#x645;: ; T&#x101;r&#x12B;kh-i Isl&#x101;m /</subfield>
    <subfield code="c">&#x634;&#x627;&#x6C1; &#x645;&#x639;&#x6CC;&#x646; &#x627;&#x644;&#x62F;&#x6CC;&#x646; &#x627;&#x62D;&#x645;&#x62F; &#x646;&#x62F;&#x648;&#x6CC; ;; Shah Moinuddin Ahmed Nadvi</subfield>
  </datafield>
  <datafield tag="246" ind1="1" ind2=" ">
    <subfield code="a">History of Islam</subfield>
  </datafield>
  <datafield tag="260" ind1=" " ind2=" ">
    <subfield code="a">&#x627;&#x639;&#x638;&#x645; &#x6AF;&#x691;&#x6BE; :Azamgarh :</subfield>
    <subfield code="b">&#x645;&#x639;&#x627;&#x631;&#x641; &#x67E;&#x631;&#x6CC;&#x633; : Maarif Press ,</subfield>
    <subfield code="c">1949</subfield>
  </datafield>
  <datafield tag="300" ind1=" " ind2=" ">
    <subfield code="a">V. :</subfield>
    <subfield code="b">maps ;</subfield>
    <subfield code="c">23 cm.</subfield>
  </datafield>
  <datafield tag="504" ind1=" " ind2=" ">
    <subfield code="a">Includes bibliographical references </subfield>
  </datafield>
  <datafield tag="505" ind1=" " ind2=" ">
    <subfield code="a">Vol. 1. part. 3 . &#x62E;&#x644;&#x627;&#x641;&#x62A; &#x639;&#x628;&#x627;&#x633;&#x6CC;&#x6C1; ;;  Abbasid Caliphate.-- </subfield>
  </datafield>
  <datafield tag="520" ind1=" " ind2=" ">
    <subfield code="a">Chronological history of Islamic Empire from 750to 944</subfield>
  </datafield>
  <datafield tag="651" ind1=" " ind2="0">
    <subfield code="a">Islamic Empire</subfield>
    <subfield code="x">History</subfield>
    <subfield code="v">Chronology.</subfield>
    <subfield code="9">15165</subfield>
  </datafield>
  <datafield tag="942" ind1=" " ind2=" ">
    <subfield code="2">ddc</subfield>
    <subfield code="c">BK</subfield>
  </datafield>
  <datafield tag="999" ind1=" " ind2=" ">
    <subfield code="c">84764</subfield>
    <subfield code="d">84764</subfield>
  </datafield>
  <datafield tag="952" ind1=" " ind2=" ">
    <subfield code="0">0</subfield>
    <subfield code="1">0</subfield>
    <subfield code="2">ddc</subfield>
    <subfield code="4">0</subfield>
    <subfield code="7">1</subfield>
    <subfield code="8">NFIC</subfield>
    <subfield code="a">RUCL</subfield>
    <subfield code="b">RUCL</subfield>
    <subfield code="c">Reading</subfield>
    <subfield code="d">1973-10-18</subfield>
    <subfield code="e">Quran manjil</subfield>
    <subfield code="g">5.00</subfield>
    <subfield code="o">U 297.0902 NAT V-1 pt. 3 1949</subfield>
    <subfield code="r">2025-03-10 00:00:00</subfield>
    <subfield code="t">C-1</subfield>
    <subfield code="y">BK</subfield>
  </datafield>
</record>
